|
|
|
|
| LEADER |
00000nab a2200000 a 4500 |
| 001 |
vtls010725028 |
| 003 |
SK-MaSNL |
| 005 |
20260304185707.0 |
| 008 |
250709s1998 xo |||||||||||||||||slo| |
| 035 |
|
|
|a (urnnbn)urn:nbn:sk:snk:ar-a04w0k
|
| 035 |
|
|
|a (uuid)00277429-fd18-4132-aa8f-c2b840f238eb
|
| 035 |
|
|
|a urn:nbn:sk:snk-ab3p1n
|
| 040 |
|
|
|a SNKBUCL
|b slo
|c SNKBUCL
|e AACR2
|
| 041 |
0 |
|
|a slo
|
| 044 |
|
|
|a xo
|c SK
|
| 100 |
1 |
|
|a Jaško, Vladimír
|4 aut
|9 576691
|
| 245 |
1 |
0 |
|a SMOLNÍK HYDROGEOLOGICKÉ A HYDROGEOCHEMICKÉ PROBLÉMY ÚZEMIA PO LIKVIDÁCII A ZATOPENÍ VYDOBYTÉHO LOŽISKA PYRITOVÝCH RÚD
|c Vladimír Jaško, Soňa Cicmanová, Vojtech Gajdoš
|
| 700 |
1 |
|
|a Cicmanová, Soňa
|4 aut
|9 11734
|
| 700 |
1 |
|
|a Gajdoš, Vojtech,
|d 1944-
|4 aut
|9 39758
|
| 773 |
0 |
|
|t Podzemná voda : vedecký a odborný časopis Slovenskej asociácie hydrogeológov a národnej skupiny Medzinárodnej asociácie hydrogeológov
|g Roč. 4, č. 2 (1998), s. 118-129
|
| 850 |
|
|
|a Slovenská národná knižnica
|
| 852 |
|
|
|a Slovenská národná knižnica
|
| 954 |
|
|
|a odborná, vedecká literatúra pôvodná (slovenská)
|2 lita
|
| 958 |
|
|
|a article1
|
| 958 |
|
|
|a OND
|
| 958 |
|
|
|a EUIPO
|
| 999 |
|
|
|c 3045441
|d 3047371
|